| 000 | 00667nam a2200181 a 4500 | ||
|---|---|---|---|
| 001 | 000028361 | ||
| 003 | DO-SdBNP | ||
| 005 | 20240927073748.0 | ||
| 008 | 110408s1970 dr 000 0 spa d | ||
| 040 |
_aDO-SdBNP _bspa _cBNPHU |
||
| 049 | _aBNPD | ||
| 082 |
_axxxx _bB171r |
||
| 100 | 1 |
_a Balaguer, Joaquín, _d1906-2002 _976556 |
|
| 245 | 1 | 0 |
_aRendición de cuentas al pueblo dominicano : _b(mensaje leído ante la Asamblea Nacional el 16 de agosto de 1970, en las ceremonias de juramentación presidencial para el período 1970-1974) / _cJoaquín Balaguer. |
| 260 |
_aSanto Domingo : _bEditora del Caribe, _c1970. |
||
| 300 |
_a35 P. ; _c23 cm. |
||
| 942 |
_2ddc _cLBS1 |
||
| 999 |
_c27853 _d27853 |
||